| 000 | 00388nam a2200145 a 4500 | ||
|---|---|---|---|
| 005 | 20140414093842.0 | ||
| 008 | 081125s19uu xx uuu eng d | ||
| 050 |
_aVCD 940.53 _bH73 2005 |
||
| 100 | _aHolmes, Alex | ||
| 245 |
_aDunkirk - Retreat / _cAlex Holmes. |
||
| 260 |
_aQuezon City : _bMagnaVision, _cc2005. |
||
| 650 | _aWorld War, 1939-1945. | ||
| 942 | _cAVM | ||
| 999 |
_c109347 _d109347 |
||